<?xml version="1.0" encoding="UTF-8"?><?xml-stylesheet type="text/xsl" href="static/style.xsl"?><OAI-PMH xmlns="http://www.openarchives.org/OAI/2.0/" xmlns:xsi="http://www.w3.org/2001/XMLSchema-instance" xsi:schemaLocation="http://www.openarchives.org/OAI/2.0/ http://www.openarchives.org/OAI/2.0/OAI-PMH.xsd"><responseDate>2026-04-27T21:26:50Z</responseDate><request verb="GetRecord" identifier="oai:uvadoc.uva.es:10324/5941" metadataPrefix="marc">https://uvadoc.uva.es/oai/request</request><GetRecord><record><header><identifier>oai:uvadoc.uva.es:10324/5941</identifier><datestamp>2025-02-20T09:00:48Z</datestamp><setSpec>com_10324_1179</setSpec><setSpec>com_10324_931</setSpec><setSpec>com_10324_894</setSpec><setSpec>col_10324_1306</setSpec></header><metadata><record xmlns="http://www.loc.gov/MARC21/slim" xmlns:doc="http://www.lyncode.com/xoai" xmlns:xsi="http://www.w3.org/2001/XMLSchema-instance" xmlns:dcterms="http://purl.org/dc/terms/" xsi:schemaLocation="http://www.loc.gov/MARC21/slim http://www.loc.gov/standards/marcxml/schema/MARC21slim.xsd">
<leader>00925njm 22002777a 4500</leader>
<datafield tag="042" ind1=" " ind2=" ">
<subfield code="a">dc</subfield>
</datafield>
<datafield tag="720" ind1=" " ind2=" ">
<subfield code="a">Briongos Figuero, Laisa Socorro</subfield>
<subfield code="e">author</subfield>
</datafield>
<datafield tag="720" ind1=" " ind2=" ">
<subfield code="a">Ruiz de Temiño de la Peña, Ángela</subfield>
<subfield code="e">author</subfield>
</datafield>
<datafield tag="720" ind1=" " ind2=" ">
<subfield code="a">Pérez Castrillon, José Luis</subfield>
<subfield code="e">author</subfield>
</datafield>
<datafield tag="260" ind1=" " ind2=" ">
<subfield code="c">2011</subfield>
</datafield>
<datafield tag="520" ind1=" " ind2=" ">
<subfield code="a">Sarcoidosis is amultisystem disorder of unknown&#xd;
etiology characterized by the presence of non-caseating&#xd;
granulomas in the organs affected. Sarcoid arthropathy is a&#xd;
rare manifestation, and sacroiliitis is an unusual first manifestation&#xd;
of the disorder</subfield>
</datafield>
<datafield tag="024" ind2=" " ind1="8">
<subfield code="a">Rheumatology International, 2011, p. 1-2</subfield>
</datafield>
<datafield tag="024" ind2=" " ind1="8">
<subfield code="a">0172-8172</subfield>
</datafield>
<datafield tag="024" ind2=" " ind1="8">
<subfield code="a">http://uvadoc.uva.es/handle/10324/5941</subfield>
</datafield>
<datafield tag="024" ind2=" " ind1="8">
<subfield code="a">10.1007/s00296-011-2100-y</subfield>
</datafield>
<datafield tag="024" ind2=" " ind1="8">
<subfield code="a">1</subfield>
</datafield>
<datafield tag="024" ind2=" " ind1="8">
<subfield code="a">2</subfield>
</datafield>
<datafield tag="024" ind2=" " ind1="8">
<subfield code="a">Rheumatology International</subfield>
</datafield>
<datafield ind1=" " ind2=" " tag="653">
<subfield code="a">Huesos - Enfermedades</subfield>
</datafield>
<datafield tag="245" ind1="0" ind2="0">
<subfield code="a">Sarcoidosis and sacroiliitis, a case report</subfield>
</datafield>
</record></metadata></record></GetRecord></OAI-PMH>